Normal view
MARC view
- Civil-military relations
Entry Topical Term
001 - CONTROL NUMBER
- control field: 106355
003 - CONTROL NUMBER IDENTIFIER
- control field: NUST
005 - DATE AND TIME OF LATEST TRANSACTION
- control field: 20221229123733.0
008 - FIXED-LENGTH DATA ELEMENTS
- fixed length control field: 221229|| aca||aabn | a|a d
040 ## - CATALOGING SOURCE
- Original cataloging agency: NUST
- Transcribing agency: NUST
150 ## - HEADING--TOPICAL TERM
- Topical term or geographic name entry element: Civil-military relations
- Geographic subdivision: United States
- General subdivision: History
- Chronological subdivision: 21st century
670 ## - SOURCE DATA FOUND
- Source citation: Work cat.: (NUST)0: Gates, Robert Michael, 1943- 105410, Duty :
